Normal view MARC view
  • DR RIZWAN SAEED

Entry Corporate Name

Number of records used in: 1

001 - CONTROL NUMBER

  • control field: 108219

003 - CONTROL NUMBER IDENTIFIER

  • control field: NUST

005 - DATE AND TIME OF LATEST TRANSACTION

  • control field: 20230131122726.0

008 - FIXED-LENGTH DATA ELEMENTS

  • fixed length control field: 230131|| aca||aabn | a|a d

040 ## - CATALOGING SOURCE

  • Original cataloging agency: NUST
  • Transcribing agency: NUST

110 ## - HEADING--CORPORATE NAME

  • Corporate name or jurisdiction name as entry element: DR RIZWAN SAEED

670 ## - SOURCE DATA FOUND

  • Source citation: Work cat.: (NUST): SYED ZULFIQAR HUSSAIN 108218, TH-SOF-0877-INVESTIGAATION OF COMMPRESSIIVE PROOPERTIEES OF3D WOVEN FIBER REINFORCED POLYMERIC COMPOSITES THROUGH COMBINED END, 2014.
© 2023 Central Library, National University of Sciences and Technology. All Rights Reserved.